[Event "293rd YMCA Autumn B"]
[Site "Warsaw"]
[Date "2024.09.26"]
[Round "1"]
[White "Leszczewicz, Karol"]
[Black "Kania, Tomasz"]
[Result "1-0"]
[WhiteElo "1801"]
[BlackElo "1824"]
[PlyCount "59"]
[EventDate "2024.09.25"]
[EventType "tourn"]
[EventRounds "1"]
[EventCountry "POL"]
[SourceDate "2024.09.25"]

1. d4 Nf6 2. c4 e6 3. Nf3 b6 4. g3 Bb7 5. Bg2 c5 6. d5 exd5 7. Nh4 g6 8. cxd5
d6 9. Nc3 Bg7 10. O-O O-O 11. e4 Re8 12. Re1 Nbd7 13. f4 b5 14. Nxb5 c4 15. Be3
Nxe4 16. Bd4 Bxd4+ 17. Qxd4 a6 18. Na3 Nef6 19. Nxc4 Qc7 20. b3 a5 21. a4 Ba6
22. Rec1 Bxc4 23. Rxc4 Qb7 24. Rb1 Rac8 25. Rc6 Ng4 26. Rxd6 Rc2 27. Rc6 Rce2
28. Bf3 Re1+ 29. Rxe1 Rxe1+ 30. Kg2 1-0

[Event "293rd YMCA Autumn B"]
[Site "Warsaw"]
[Date "2024.09.25"]
[Round "1"]
[White "Pichurko, Jakub"]
[Black "Bryszewski, Mateusz"]
[Result "0-1"]
[WhiteElo "1772"]
[BlackElo "1733"]
[PlyCount "110"]
[EventDate "2024.09.25"]
[EventType "tourn"]
[EventRounds "1"]
[EventCountry "POL"]
[SourceDate "2024.09.25"]

1. d4 d5 2. Bf4 Nf6 3. e3 c5 4. c3 Nc6 5. Nd2 Bf5 6. Ngf3 h6 7. Qb3 Qc8 8. Bb5
c4 9. Qa4 a6 10. Bxc6+ Qxc6 11. Qxc6+ bxc6 12. h3 e6 13. O-O Ne4 14. Nxe4 Bxe4
15. Nd2 Bd3 16. Rfe1 Be7 17. b4 a5 18. a3 Kd7 19. e4 g5 20. Bg3 Ra7 21. exd5
cxd5 22. Nf3 f6 23. Rac1 axb4 24. axb4 Ra3 25. Re3 Rha8 26. Ne1 Bf5 27. Bh2 h5
28. Kf1 Bf8 29. Re2 Bh6 30. Nc2 Ra2 31. Ne1 Ra1 32. Rxa1 Rxa1 33. f3 Bd3 34.
Kf2 Bxe2 35. Kxe2 Rc1 36. Kd2 g4+ 37. f4 Rb1 38. hxg4 hxg4 39. Bg3 e5 40. Kc2
Ra1 41. fxe5 f5 42. Kb2 Rd1 43. b5 Rd2+ 44. Kb1 f4 45. Bh4 Bf8 46. Kc1 Re2 47.
Kd1 Rb2 48. Bg5 Rxb5 49. Bxf4 Ke6 50. Nc2 Kf5 51. g3 Ke4 52. Ne3 Kd3 53. Ke1
Kxc3 54. Nf5 Kd3 55. e6 Rb6 0-1

[Event "293rd YMCA Autumn B"]
[Site "Warsaw"]
[Date "2024.09.26"]
[Round "1"]
[White "Sypula, Krzysztof"]
[Black "Jaroszuk, Marcin"]
[Result "0-1"]
[WhiteElo "1713"]
[BlackElo "1747"]
[PlyCount "80"]
[EventDate "2024.09.25"]
[EventType "tourn"]
[EventRounds "1"]
[EventCountry "POL"]
[SourceDate "2024.09.25"]

1. d4 Nf6 2. c4 e6 3. Nc3 d5 4. Nf3 c6 5. cxd5 exd5 6. Bg5 Bf5 7. e3 Nbd7 8.
Bd3 Bxd3 9. Qxd3 Be7 10. O-O O-O 11. h3 Ne4 12. Bf4 Ndf6 13. Nd2 Nxd2 14. Qxd2
Bd6 15. Bxd6 Qxd6 16. Qc2 Rfe8 17. Rab1 a5 18. Rfc1 Ne4 19. Nxe4 Rxe4 20. a4
Qb4 21. b3 g6 22. Qc5 Kg7 23. Rc3 f5 24. g3 g5 25. Qxb4 axb4 26. Rd3 Rae8 27.
Kg2 Kf6 28. a5 h5 29. Ra1 f4 30. gxf4 gxf4 31. Kf3 fxe3 32. Rxe3 Kf5 33. a6
bxa6 34. Rxa6 Rf4+ 35. Ke2 Ree4 36. Rxc6 Rxd4 37. f3 Rh4 38. Kf2 Rxh3 39. Rce6
Rd2+ 40. Ke1 Rb2 0-1

[Event "293rd YMCA Autumn B"]
[Site "Warsaw"]
[Date "2024.09.26"]
[Round "1"]
[White "Bronowski, Franciszek"]
[Black "Mazan, Dawid"]
[Result "1-0"]
[WhiteElo "1709"]
[BlackElo "1710"]
[PlyCount "57"]
[EventDate "2024.09.25"]
[EventType "tourn"]
[EventRounds "1"]
[EventCountry "POL"]
[SourceDate "2024.09.25"]

1. e4 e5 2. Nf3 Nc6 3. Bb5 a6 4. Ba4 d6 5. O-O Nf6 6. Re1 Be7 7. c3 b5 8. Bb3
O-O 9. h3 Re8 10. d4 Bf8 11. Nbd2 Bb7 12. Bc2 g6 13. Nf1 exd4 14. cxd4 Nb4 15.
Ng3 Nxc2 16. Qxc2 Bg7 17. Bd2 c5 18. dxc5 dxc5 19. Rad1 Qc7 20. Bc3 Qc6 21. Ne5
Qe6 22. f4 Rad8 23. Rxd8 Rxd8 24. Rd1 Rxd1+ 25. Qxd1 Nxe4 26. Qd8+ Bf8 27. Nxe4
Bxe4 28. Nd7 Qe7 29. Nf6+ 1-0

[Event "293rd YMCA Autumn B"]
[Site "Warsaw"]
[Date "2024.09.26"]
[Round "1"]
[White "Sternik, Piotr"]
[Black "Kwiecinski, Rafal"]
[Result "1-0"]
[WhiteElo "1840"]
[BlackElo "1697"]
[PlyCount "71"]
[EventDate "2024.09.25"]
[EventType "tourn"]
[EventRounds "1"]
[EventCountry "POL"]
[SourceDate "2024.09.25"]

1. d4 d5 2. c4 c6 3. Nc3 e6 4. Nf3 Nf6 5. g3 Be7 6. Bg2 O-O 7. O-O Nbd7 8. Nd2
dxc4 9. Nxc4 Nb6 10. b3 Nfd5 11. Bb2 Bf6 12. Ne4 Be7 13. Rc1 f5 14. Nc5 f4 15.
Ne5 Bg5 16. e3 fxe3 17. f4 Bf6 18. Be4 Qe8 19. Ba3 Be7 20. Qd3 Nf6 21. Bf3 Nbd5
22. Bb2 b6 23. Ne4 Nh5 24. Bg4 a5 25. Nc4 Qg6 26. Ne5 Qh6 27. Rxc6 Rxf4 28.
gxf4 Nhxf4 29. Rxf4 Qxf4 30. Rxc8+ Rxc8 31. Bxe6+ Kh8 32. Bxc8 Bh4 33. Qf1 e2
34. Qxe2 Ne3 35. Qf3 Bg5 36. Nf7+ 1-0

[Event "293rd YMCA Autumn B"]
[Site "Warsaw"]
[Date "2024.10.23"]
[Round "1"]
[White "Gozdzikowski, Franciszek"]
[Black "Kasperski, Marcin"]
[Result "1/2-1/2"]
[WhiteElo "1840"]
[BlackElo "1737"]
[PlyCount "72"]
[EventDate "2024.09.25"]
[EventType "tourn"]
[EventRounds "1"]
[EventCountry "POL"]
[SourceDate "2024.09.25"]

1. e4 e6 2. Nf3 d5 3. Nc3 Nf6 4. e5 Nfd7 5. d4 a6 6. Ne2 c5 7. c3 Nc6 8. g3 Be7
9. Bg2 O-O 10. O-O b5 11. h4 Nb6 12. Nf4 Bd7 13. Bh3 Qc7 14. Kg2 Rfc8 15. Ng5
Nd8 16. Qh5 h6 17. Nxf7 Nxf7 18. Nxe6 Bxe6 19. Bxe6 Bf8 20. Qg6 Re8 21. Bxf7+
Qxf7 22. Qxb6 Reb8 23. Qa5 c4 24. Bf4 Rb7 25. Rfe1 Qe6 26. b4 Rf7 27. Qa3 Rxf4
28. gxf4 Qg4+ 29. Kf1 Qh3+ 30. Kg1 Qg4+ 31. Kf1 Qh3+ 32. Kg1 Qg4+ $11 33. Kh2
Qxh4+ 34. Kg2 Qg4+ 35. Kf1 Qh3+ 36. Kg1 Qg4+ 1/2-1/2

[Event "293rd YMCA Autumn B"]
[Site "Warsaw"]
[Date "2024.10.03"]
[Round "2"]
[White "Mazan, Dawid"]
[Black "Sternik, Piotr"]
[Result "0-1"]
[WhiteElo "1710"]
[BlackElo "1840"]
[PlyCount "44"]
[EventDate "2024.09.25"]
[EventType "tourn"]
[EventRounds "1"]
[EventCountry "POL"]
[SourceDate "2024.09.25"]

1. Nf3 d5 2. g3 c5 3. Bg2 Nc6 4. d4 Nf6 5. O-O e6 6. b3 Be7 7. Bb2 O-O 8. Nbd2
b6 9. c4 Bb7 10. cxd5 exd5 11. Rc1 Re8 12. dxc5 Bxc5 13. Nb1 Ba6 14. Re1 Qe7
15. a3 Bxf2+ 16. Kxf2 Qe3+ 17. Kf1 Ng4 18. Bd4 Nxd4 19. Qxd4 Nxh2+ 20. Nxh2
Qxd4 21. Nc3 Rac8 22. Nf3 Qe3 0-1

[Event "293rd YMCA Autumn B"]
[Site "Warsaw"]
[Date "2024.10.03"]
[Round "2"]
[White "Jaroszuk, Marcin"]
[Black "Bronowski, Franciszek"]
[Result "1/2-1/2"]
[WhiteElo "1747"]
[BlackElo "1709"]
[PlyCount "38"]
[EventDate "2024.09.25"]
[EventType "tourn"]
[EventRounds "1"]
[EventCountry "POL"]
[SourceDate "2024.09.25"]

1. d4 Nf6 2. c4 g6 3. Nf3 Bg7 4. Nc3 d6 5. g3 O-O 6. Bg2 Nbd7 7. O-O e5 8. e4
Re8 9. h3 b6 10. Re1 exd4 11. Nxd4 Bb7 12. Rb1 Nc5 13. Bg5 h6 14. Bxf6 Qxf6 15.
Nb3 Qe6 16. Nxc5 dxc5 17. Nd5 Rad8 18. Qa4 Qd7 19. Qxa7 Bxd5 $11 1/2-1/2

[Event "293rd YMCA Autumn B"]
[Site "Warsaw"]
[Date "2024.10.16"]
[Round "2"]
[White "Bryszewski, Mateusz"]
[Black "Sypula, Krzysztof"]
[Result "1-0"]
[WhiteElo "1733"]
[BlackElo "1713"]
[PlyCount "81"]
[EventDate "2024.09.25"]
[EventType "tourn"]
[EventRounds "1"]
[EventCountry "POL"]
[SourceDate "2024.09.25"]

1. e3 c5 2. Nf3 Nf6 3. c4 e6 4. b3 Be7 5. Bb2 d5 6. Be2 Nc6 7. d4 cxd4 8. Nxd4
Bb4+ 9. Nc3 Qa5 10. Ndb5 Ne4 11. Qc2 Nxc3 12. Bxc3 a6 13. a3 Bxc3+ 14. Nxc3
dxc4 15. Bxc4 b5 16. Be2 Bb7 17. O-O Rc8 18. b4 Qc7 19. Rac1 Ne5 20. Qb1 Qb8
21. Ne4 Bxe4 22. Qxe4 O-O 23. a4 bxa4 24. Bxa6 Rxc1 25. Rxc1 Rd8 26. b5 a3 27.
Qa4 Qd6 28. h3 Nd7 29. Rd1 Qc7 30. Qxa3 Nb6 31. Rc1 Qb8 32. Qc5 Rd7 33. Qc6 g6
34. g4 Qd8 35. Kg2 Kg7 36. Qc3+ Kg8 37. Qe5 Rd6 38. Bb7 f6 39. Qf4 g5 40. Qe4
Nd7 41. Rc8 1-0

[Event "293rd YMCA Autumn B"]
[Site "Warsaw"]
[Date "2024.10.03"]
[Round "2"]
[White "Malicka, Magdalena"]
[Black "Leszczewicz, Karol"]
[Result "1/2-1/2"]
[WhiteElo "1703"]
[BlackElo "1801"]
[PlyCount "98"]
[EventDate "2024.09.25"]
[EventType "tourn"]
[EventRounds "1"]
[EventCountry "POL"]
[SourceDate "2024.09.25"]

1. d4 Nf6 2. Nc3 d5 3. Bf4 a6 4. e3 Bf5 5. Nf3 e6 6. Bd3 Bxd3 7. Qxd3 Bd6 8.
O-O O-O 9. Bxd6 Qxd6 10. e4 dxe4 11. Nxe4 Nxe4 12. Qxe4 Nd7 13. c3 Nf6 14. Qe5
Nd7 15. Qe2 a5 16. Rfd1 Rfd8 17. Ng5 Nf6 18. Rd3 h6 19. Ne4 Nxe4 20. Qxe4 a4
21. Rad1 Qd5 22. Qxd5 Rxd5 23. c4 Rd6 24. Kf1 Kf8 25. Ke2 Ke7 26. Kd2 b5 27.
cxb5 Rb8 28. Rc1 Kd7 29. Rc5 Rdb6 30. Rdc3 R8b7 31. Ra3 Rxb5 32. Rxb5 Rxb5 33.
Kc3 Ra5 34. f3 Kc6 35. g4 f5 36. b3 fxg4 37. fxg4 Kb5 38. bxa4+ Rxa4 39. Rxa4
Kxa4 40. Kc4 Ka3 41. Kc5 Kxa2 42. Kc6 Kb3 43. Kxc7 Kc4 44. Kd6 Kxd4 45. Kxe6
Ke4 46. Kf7 Kf4 47. Kxg7 Kxg4 48. Kxh6 Kh3 49. Kg5 Kxh2 1/2-1/2

[Event "293rd YMCA Autumn B"]
[Site "Warsaw"]
[Date "2024.10.11"]
[Round "3"]
[White "Pichurko, Jakub"]
[Black "Malicka, Magdalena"]
[Result "0-1"]
[WhiteElo "1772"]
[BlackElo "1703"]
[PlyCount "84"]
[EventDate "2024.09.25"]
[EventType "tourn"]
[EventRounds "1"]
[EventCountry "POL"]
[SourceDate "2024.09.25"]

1. c4 Nf6 2. Nc3 d5 3. cxd5 Nxd5 4. g3 g6 5. Bg2 Nb6 6. d3 Bg7 7. h4 h5 8. Nf3
O-O 9. O-O Nc6 10. Bg5 Bf5 11. Rc1 Qd7 12. Qd2 e5 13. Bh6 Rad8 14. Bxg7 Kxg7
15. Rfd1 Rfe8 16. b3 Bh3 17. Ne4 Bxg2 18. Kxg2 Nd5 19. Nc5 Qg4 20. Nh2 Qc8 21.
Nf3 b6 22. Ne4 Nd4 23. e3 Nxf3 24. Kxf3 Qb7 25. Ke2 f5 26. Ng5 c5 27. Qb2 Kg8
28. a3 Nf6 29. f3 Nh7 30. Nxh7 Kxh7 31. Kf2 e4 32. dxe4 fxe4 33. f4 Rd7 34. Qf6
Rf7 35. Qg5 Rf5 36. Rd8 Rxg5 37. Rxe8 Qd7 38. Rxe4 Qd2+ 39. Kf3 Rxg3+ 40. Kxg3
Qxc1 41. Re8 Kg7 42. Kf3 Qxa3 0-1

[Event "293rd YMCA Autumn B"]
[Site "Warsaw"]
[Date "2024.10.15"]
[Round "3"]
[White "Sypula, Krzysztof"]
[Black "Kania, Tomasz"]
[Result "1/2-1/2"]
[WhiteElo "1713"]
[BlackElo "1824"]
[PlyCount "38"]
[EventDate "2024.09.25"]
[EventType "tourn"]
[EventRounds "1"]
[EventCountry "POL"]
[SourceDate "2024.09.25"]

1. d4 Nf6 2. c4 e6 3. a3 b6 4. Nc3 Bb7 5. Bg5 Be7 6. e3 O-O 7. Nf3 d5 8. Bxf6
Bxf6 9. cxd5 exd5 10. Bd3 c5 11. O-O Nc6 12. dxc5 Bxc3 13. bxc3 bxc5 14. Rb1
Rb8 15. Rb5 Qe7 16. Qa4 Ba8 17. Rfb1 Rxb5 18. Rxb5 Rd8 19. Qc2 g6 $11 1/2-1/2

[Event "293rd YMCA Autumn B"]
[Site "Warsaw"]
[Date "2024.10.18"]
[Round "3"]
[White "Bronowski, Franciszek"]
[Black "Bryszewski, Mateusz"]
[Result "1/2-1/2"]
[WhiteElo "1709"]
[BlackElo "1733"]
[PlyCount "63"]
[EventDate "2024.09.25"]
[EventType "tourn"]
[EventRounds "1"]
[EventCountry "POL"]
[SourceDate "2024.09.25"]

1. Nf3 Nf6 2. c4 g6 3. d4 Bg7 4. Nc3 d5 5. Qb3 dxc4 6. Qxc4 Be6 7. Qd3 O-O 8.
e4 c5 9. d5 Bg4 10. Ne5 Nbd7 11. Nxg4 Nxg4 12. Be2 Nge5 13. Qg3 c4 14. O-O Nc5
15. Be3 Rc8 16. Rfd1 Qa5 17. Bd4 Ned3 18. Bxg7 Kxg7 19. Bxd3 Nxd3 20. Rxd3 cxd3
21. Qxd3 Qb4 22. Qd2 e6 23. a3 Qc4 24. Re1 Rfd8 25. h4 h5 26. Qg5 f6 27. Qe3
exd5 28. Nxd5 Qc5 29. Qf4 Rc6 30. Nb4 Rcc8 31. Nd5 Rc6 32. Nb4 1/2-1/2

[Event "293rd YMCA Autumn B"]
[Site "Warsaw"]
[Date "2024.10.10"]
[Round "3"]
[White "Sternik, Piotr"]
[Black "Jaroszuk, Marcin"]
[Result "1-0"]
[WhiteElo "1840"]
[BlackElo "1747"]
[PlyCount "55"]
[EventDate "2024.09.25"]
[EventType "tourn"]
[EventRounds "1"]
[EventCountry "POL"]
[SourceDate "2024.09.25"]

1. d4 e6 2. c4 f5 3. a3 Nf6 4. Nc3 Be7 5. Nf3 O-O 6. e3 b6 7. Bd3 Bb7 8. O-O
Qe8 9. b4 d6 10. Bb2 Ne4 11. Bxe4 fxe4 12. Nd2 d5 13. cxd5 exd5 14. Qb3 Qf7 15.
f3 exf3 16. Rxf3 Qe6 17. e4 Rxf3 18. Nxf3 c6 19. Re1 Qd6 20. b5 cxb5 21. exd5
Bd8 22. Re6 Qf8 23. d6 Kh8 24. Ne5 Bc8 25. Re7 Bxe7 26. Nf7+ Kg8 27. Nh6+ Kh8
28. dxe7 1-0

[Event "293rd YMCA Autumn B"]
[Site "Warsaw"]
[Date "2024.10.11"]
[Round "3"]
[White "Gozdzikowski, Franciszek"]
[Black "Mazan, Dawid"]
[Result "0-1"]
[WhiteElo "1840"]
[BlackElo "1710"]
[PlyCount "76"]
[EventDate "2024.09.25"]
[EventType "tourn"]
[EventRounds "1"]
[EventCountry "POL"]
[SourceDate "2024.09.25"]

1. e4 e5 2. Nf3 Nc6 3. Bb5 a6 4. Ba4 d6 5. O-O Nf6 6. Bxc6+ bxc6 7. d4 Nxe4 8.
Qe2 Bf5 9. dxe5 d5 10. Nd4 Qd7 11. f3 Nc5 12. Be3 Be7 13. e6 Bxe6 14. Nd2 O-O
15. h3 Na4 16. b3 Nc3 17. Qd3 Nb5 18. Nxe6 Qxe6 19. Rfe1 Rfe8 20. c4 dxc4 21.
Qxc4 Qxc4 22. Nxc4 Bb4 23. Bd2 Bc5+ 24. Kh1 Bb6 25. Bf4 Nd4 26. Rad1 Rxe1+ 27.
Rxe1 Ne6 28. Be3 Bxe3 29. Rxe3 Rd8 30. Ne5 Rd1+ 31. Kh2 Rd2 32. a4 c5 33. Kg3
h5 34. f4 Nd4 35. Nc4 Ra2 36. Re8+ Kh7 37. Rb8 h4+ 38. Kxh4 Rxg2 0-1

[Event "293rd YMCA Autumn B"]
[Site "Warsaw"]
[Date "2024.10.15"]
[Round "3"]
[White "Kasperski, Marcin"]
[Black "Kwiecinski, Rafal"]
[Result "1-0"]
[WhiteElo "1737"]
[BlackElo "1697"]
[PlyCount "117"]
[EventDate "2024.09.25"]
[EventType "tourn"]
[EventRounds "1"]
[EventCountry "POL"]
[SourceDate "2024.09.25"]

1. e4 c5 2. Nf3 Nc6 3. d4 cxd4 4. Nxd4 e5 5. Nb5 d6 6. c4 a6 7. N5a3 Be7 8. Nc3
Be6 9. Nc2 Nf6 10. Be2 O-O 11. O-O Qd7 12. Ne3 Nd4 13. Ned5 Bxd5 14. cxd5 Nxe2+
15. Qxe2 Ne8 16. Be3 g5 17. g4 Ng7 18. Kg2 Kh8 19. f3 h5 20. h3 h4 21. Rfc1
Rfc8 22. Nd1 f6 23. b3 Bd8 24. Nb2 Ne8 25. Rxc8 Rxc8 26. Rc1 Rxc1 27. Bxc1 Qc8
28. Qc4 Qc7 29. Qxc7 Bxc7 30. Be3 Kg8 31. Kf2 Kf7 32. Ke2 Ke7 33. Kd3 Bd8 34.
Kc4 Kd7 35. Nd1 b5+ 36. Kb4 Nc7 37. a4 Kc8 38. Bf2 Kb7 39. Ne3 a5+ 40. Kc3 bxa4
41. bxa4 Na6 42. Nf5 Kc7 43. Kc4 Kd7 44. Kb5 Nc7+ 45. Kc4 Na6 46. Be3 Nb4 47.
Bd2 Na6 48. Bxa5 Bxa5 49. Kb5 Nc5 50. Kxa5 Kc7 51. Kb5 Nd3 52. a5 Nf4 53. a6
Nxh3 54. Nxd6 Kb8 55. Ne8 Nf4 56. Kb6 h3 57. a7+ Kc8 58. a8=Q+ Kd7 59. Qc6+ 1-0

[Event "293rd YMCA Autumn B"]
[Site "Warsaw"]
[Date "2024.10.17"]
[Round "4"]
[White "Mazan, Dawid"]
[Black "Kasperski, Marcin"]
[Result "1/2-1/2"]
[WhiteElo "1710"]
[BlackElo "1737"]
[PlyCount "115"]
[EventDate "2024.09.25"]
[EventType "tourn"]
[EventRounds "1"]
[EventCountry "POL"]
[SourceDate "2024.09.25"]

1. e4 e6 2. d4 d5 3. e5 Bd7 4. Bd3 c5 5. c3 Nc6 6. Nf3 Rc8 7. dxc5 Bxc5 8. O-O
Nge7 9. Nbd2 Ng6 10. Re1 Qb6 11. Rf1 Ncxe5 12. Nxe5 Nxe5 13. Be2 Bb5 14. Nb3
Be7 15. Be3 Qa6 16. Bxb5+ Qxb5 17. a4 Qd3 18. Bxa7 Qxd1 19. Rfxd1 Nc4 20. Ra2
b6 21. Nd2 Bd8 22. Nxc4 dxc4 23. a5 bxa5 24. Rd4 O-O 25. Ra4 Bf6 26. Rdxc4 Rxc4
27. Rxc4 Ra8 28. Kf1 Kf8 29. Rc7 Ke8 30. Ke2 h5 31. Kd2 g6 32. g3 Be5 33. Rb7
a4 34. Kc2 Bd6 35. c4 Rc8 36. Kd3 Rc7 37. Rxc7 Bxc7 38. Bd4 Kd7 39. b4 $11 axb3
40. Kc3 Kc6 41. Kxb3 e5 42. Be3 e4 43. Kc3 Be5+ 44. Bd4 Bd6 45. Kd2 h4 46. Ke3
f5 47. f3 exf3 48. Kxf3 h3 49. Be3 Bc7 50. Bf4 Bd8 51. g4 fxg4+ 52. Kxg4 Kc5
53. Kxh3 Kxc4 54. Kg4 Kd5 55. Bg5 Bc7 56. h4 Ke6 57. h5 gxh5+ 58. Kxh5 1/2-1/2

[Event "293rd YMCA Autumn B"]
[Site "Warsaw"]
[Date "2024.10.31"]
[Round "4"]
[White "Jaroszuk, Marcin"]
[Black "Gozdzikowski, Franciszek"]
[Result "0-1"]
[WhiteElo "1747"]
[BlackElo "1840"]
[PlyCount "108"]
[EventDate "2024.09.25"]
[EventType "tourn"]
[EventRounds "1"]
[EventCountry "POL"]
[SourceDate "2024.09.25"]

1. e4 e5 2. Nf3 Nc6 3. Bb5 a6 4. Ba4 Nf6 5. O-O Be7 6. Re1 b5 7. Bb3 O-O 8. a4
Bb7 9. d3 d6 10. Nbd2 h6 11. Nf1 Re8 12. Ne3 Bf8 13. Nf5 d5 14. axb5 axb5 15.
Rxa8 Bxa8 16. exd5 Nxd5 17. c3 Qd7 18. Ng3 b4 19. d4 bxc3 20. dxe5 Na5 21. bxc3
Nxb3 22. Qxb3 Qc6 23. Bd2 Nb6 24. Nf5 Qg6 25. N5h4 Qg4 26. h3 Qd7 27. Nd4 Bd5
28. Qb5 Qd8 29. Nhf3 c5 30. Nb3 Bc4 31. Qa5 Bxb3 32. Rb1 Nc4 33. Qb5 Nxd2 34.
Nxd2 Bc2 35. Ra1 Rxe5 36. Nf3 Rd5 37. Qc6 Rd1+ 38. Rxd1 Qxd1+ 39. Kh2 Qd6+ 40.
Qxd6 Bxd6+ 41. g3 f5 42. h4 Bd1 43. Ne1 c4 44. Ng2 Be5 45. Ne3 Be2 46. Nd5 Kf7
47. f4 Ke6 48. Ne3 Bxc3 49. Kg2 Bd3 50. Nd1 Bd4 51. Kf3 c3 52. Ne3 Bxe3 53.
Kxe3 c2 54. Kd2 h5 0-1

[Event "293rd YMCA Autumn B"]
[Site "Warsaw"]
[Date "2024.10.29"]
[Round "4"]
[White "Kania, Tomasz"]
[Black "Bronowski, Franciszek"]
[Result "1-0"]
[WhiteElo "1824"]
[BlackElo "1709"]
[PlyCount "51"]
[EventDate "2024.09.25"]
[EventType "tourn"]
[EventRounds "1"]
[EventCountry "POL"]
[SourceDate "2024.09.25"]

1. d4 Nf6 2. Nf3 g6 3. c4 Bg7 4. g3 O-O 5. Bg2 d6 6. O-O Nbd7 7. Qc2 e5 8. Rd1
Qe7 9. Nc3 Re8 10. e4 exd4 11. Nxd4 Nc5 12. f3 Nfd7 13. Nd5 Qd8 14. Be3 Ne5 15.
b3 Ne6 16. Rd2 Nxd4 17. Bxd4 Bh3 18. Rf1 Bxg2 19. Kxg2 c6 20. Ne3 Bh6 21. f4
Nd7 22. Ng4 Bg7 23. Bxg7 Kxg7 24. Rxd6 Qe7 25. Qc3+ f6 26. Rxd7 1-0

[Event "293rd YMCA Autumn B"]
[Site "Warsaw"]
[Date "2024.10.18"]
[Round "4"]
[White "Malicka, Magdalena"]
[Black "Sypula, Krzysztof"]
[Result "1/2-1/2"]
[WhiteElo "1703"]
[BlackElo "1713"]
[PlyCount "169"]
[EventDate "2024.09.25"]
[EventType "tourn"]
[EventRounds "1"]
[EventCountry "POL"]
[SourceDate "2024.09.25"]

1. e4 g6 2. d4 Bg7 3. Nf3 d6 4. Bd3 Nc6 5. O-O Nf6 6. Re1 e5 7. c3 O-O 8. h3 a6
9. Be3 Re8 10. Nbd2 b6 11. a4 Bb7 12. d5 Ne7 13. c4 a5 14. b4 axb4 15. Qb3 c5
16. dxc6 Nxc6 17. Nf1 Nd7 18. Bc2 Nc5 19. Qb2 Qc7 20. Bd2 b3 21. Bb1 Na5 22.
Bxa5 Rxa5 23. N3d2 Rea8 24. Nxb3 Rxa4 25. Rxa4 Rxa4 26. Nxc5 bxc5 27. Ne3 Bh6
28. Nd5 Bxd5 29. cxd5 Rb4 30. Qa2 c4 31. Qa3 Qb6 32. Bc2 Rb2 33. Qa4 c3 34. Ra1
Kg7 35. Qc6 Qd4 36. Rd1 Qb4 37. Bd3 Rd2 38. Rxd2 cxd2 39. Qc2 Qa3 40. Be2 Qc1+
41. Bd1 f5 42. Qa4 Kf6 43. exf5 gxf5 44. g3 f4 45. Kg2 Qc5 46. Qe4 Kg7 47. Qf3
Qc8 48. Qb3 Kf6 49. Qd3 Qg8 50. Qa6 Qxd5+ 51. Kg1 fxg3 52. fxg3 Be3+ 53. Kh2 e4
54. Qc8 Bd4 55. Qd8+ Kg6 56. Qe8+ Kg7 57. Qe7+ Qf7 58. Qxe4 Qf2+ 59. Qg2 Kf6
60. Qxf2+ Bxf2 61. Kg2 Be1 62. Kf3 Ke5 63. h4 d5 64. Ke3 Bxg3 65. Kxd2 Bxh4 66.
Kd3 d4 67. Ke2 Kf4 68. Bc2 h6 69. Bd3 Kg3 70. Kf1 Kh2 71. Be4 Bg5 72. Bg6 Be3
73. Ke2 Kg3 74. Kf1 Kf4 75. Kg2 Kg5 76. Bd3 h5 77. Kh3 h4 78. Be4 Kf4 79. Bd3
Bf2 80. Bg6 Ke3 81. Bh7 d3 82. Bxd3 Kxd3 83. Kg2 Ke2 84. Kh2 Kf1 85. Kh1
1/2-1/2

[Event "293rd YMCA Autumn B"]
[Site "Warsaw"]
[Date "2024.10.17"]
[Round "4"]
[White "Leszczewicz, Karol"]
[Black "Pichurko, Jakub"]
[Result "1/2-1/2"]
[WhiteElo "1801"]
[BlackElo "1772"]
[PlyCount "34"]
[EventDate "2024.09.25"]
[EventType "tourn"]
[EventRounds "1"]
[EventCountry "POL"]
[SourceDate "2024.09.25"]

1. d4 d5 2. c4 c6 3. Nc3 Nf6 4. Nf3 e6 5. Bg5 h6 6. Bh4 Be7 7. e3 O-O 8. Qc2
Nbd7 9. Rd1 Nh5 10. Bxe7 Qxe7 11. Bd3 Nhf6 12. O-O dxc4 13. Bxc4 e5 14. d5 cxd5
15. Bxd5 Nb6 16. h3 Be6 17. e4 Rac8 $11 1/2-1/2

[Event "293rd YMCA Autumn B"]
[Site "Warsaw"]
[Date "2024.10.24"]
[Round "5"]
[White "Sypula, Krzysztof"]
[Black "Leszczewicz, Karol"]
[Result "0-1"]
[WhiteElo "1713"]
[BlackElo "1801"]
[PlyCount "62"]
[EventDate "2024.09.25"]
[EventType "tourn"]
[EventRounds "1"]
[EventCountry "POL"]
[SourceDate "2024.09.25"]

1. Nf3 Nf6 2. e3 d5 3. c4 c6 4. Nc3 Bg4 5. cxd5 cxd5 6. h3 Bh5 7. d4 e6 8. Qa4+
Nbd7 9. Ne5 a6 10. Nxd7 Nxd7 11. Bd3 Bd6 12. e4 Bg6 13. Qd1 dxe4 14. Nxe4 Bb4+
15. Kf1 O-O 16. a3 Be7 17. Be3 Nb6 18. Nc3 Bxd3+ 19. Qxd3 Nd5 20. Bd2 Bf6 21.
Ne4 Be7 22. g3 f5 23. Nc5 Bxc5 24. dxc5 f4 25. Kg1 Qf6 26. Bc3 Nxc3 27. Qxc3
Qxc3 28. bxc3 fxg3 29. fxg3 Rf3 30. Rc1 Rxg3+ 31. Kf2 Rg5 0-1

[Event "293rd YMCA Autumn B"]
[Site "Warsaw"]
[Date "2024.10.25"]
[Round "5"]
[White "Bronowski, Franciszek"]
[Black "Malicka, Magdalena"]
[Result "0-1"]
[WhiteElo "1709"]
[BlackElo "1703"]
[PlyCount "42"]
[EventDate "2024.09.25"]
[EventType "tourn"]
[EventRounds "1"]
[EventCountry "POL"]
[SourceDate "2024.09.25"]

1. c4 Nf6 2. Nc3 e6 3. d4 Bb4 4. e3 O-O 5. Bd3 d6 6. Nge2 e5 7. O-O Nc6 8. d5
Nb8 9. f4 exf4 10. Rxf4 Nbd7 11. Bc2 Ne5 12. a3 Bxc3 13. Nxc3 a5 14. b3 Bg4 15.
Qd4 Qe7 16. Bb2 Bh5 17. Raf1 Bg6 18. Ba1 Nd3 19. Bd1 Nxf4 20. Rxf4 Rfe8 21. e4
Qe5 0-1

[Event "293rd YMCA Autumn B"]
[Site "Warsaw"]
[Date "2024.10.24"]
[Round "5"]
[White "Sternik, Piotr"]
[Black "Kania, Tomasz"]
[Result "1/2-1/2"]
[WhiteElo "1840"]
[BlackElo "1824"]
[PlyCount "36"]
[EventDate "2024.09.25"]
[EventType "tourn"]
[EventRounds "1"]
[EventCountry "POL"]
[SourceDate "2024.09.25"]

1. d4 Nf6 2. c4 e6 3. Nf3 b6 4. g3 Bb7 5. Bg2 c5 6. O-O cxd4 7. Nxd4 Bxg2 8.
Kxg2 Qc8 9. b3 Qb7+ 10. Nf3 Be7 11. Bb2 O-O 12. Nc3 a6 13. Qd3 Nc6 14. e4 d6
15. Rad1 Rfd8 16. Qe2 Nd7 17. Kg1 Nc5 18. Rfe1 Bf6 1/2-1/2

[Event "293rd YMCA Autumn B"]
[Site "Warsaw"]
[Date "2024.10.25"]
[Round "5"]
[White "Gozdzikowski, Franciszek"]
[Black "Bryszewski, Mateusz"]
[Result "1-0"]
[WhiteElo "1840"]
[BlackElo "1733"]
[PlyCount "83"]
[EventDate "2024.09.25"]
[EventType "tourn"]
[EventRounds "1"]
[EventCountry "POL"]
[SourceDate "2024.09.25"]

1. e4 c5 2. Nf3 Nc6 3. d4 cxd4 4. Nxd4 Nf6 5. Nc3 g6 6. Nxc6 dxc6 7. Qxd8+ Kxd8
8. Bf4 Be6 9. O-O-O+ Ke8 10. f3 Bg7 11. Ne2 Nd7 12. Be3 Ne5 13. b3 a5 14. Nd4
Bd7 15. h3 c5 16. Nb5 Rc8 17. Kb1 b6 18. a4 Nc6 19. Bc4 Be6 20. Bxe6 fxe6 21.
Rd2 Rd8 22. Rhd1 Kf7 23. Rxd8 Rxd8 24. Rxd8 Nxd8 25. Na3 Bc3 26. Nc4 Nc6 27.
Nxb6 Nd4 28. Nd7 Bb4 29. Kb2 Ke8 30. c3 Kxd7 31. cxd4 cxd4 32. Bxd4 Bd6 33. Kc3
Kc6 34. Kc4 h5 35. Bc3 Bc7 36. b4 axb4 37. Bxb4 Bd6 38. Bxd6 exd6 39. g4 hxg4
40. hxg4 g5 41. f4 gxf4 42. g5 1-0